| 000 | 00493nam a22001937a 4500 | ||
|---|---|---|---|
| 003 | CEME | ||
| 005 | 20210628203916.0 | ||
| 008 | 210305b xxu||||| |||| 00| 0 eng d | ||
| 020 | _a0-471-83084-4 | ||
| 040 | _c. | ||
| 082 | _a620.11292 RAB'F | ||
| 100 |
_aRabinowicz, Ernest _967811 |
||
| 245 | _aFriction and wear of materials | ||
| 250 | _a2ND | ||
| 260 |
_aNEWYORK _bJOHN WILEY _c1995 |
||
| 300 | _aXV,315P | ||
| 650 |
_aMATERIALS FRICTION MECHANICAL WEAR _967812 |
||
| 942 |
_cBK _2ddc |
||
| 999 |
_c575514 _d575514 |
||